000 00252nam a22000857a 4500
008 160824b xxu||||| |||| 00| 0 eng d
100 _a Malhotra, S.S
_9228
245 _aFun With Mental Mathematics : Teacher's Copy - 8
260 _aNew Delhi
_b Frank Bro
_c2006
999 _c2885
_d2885